000 01125nam0a22002771 4500
001 rc\2120121
005 20110829170949.9
035 _a(NLR Aleph) 008764035
090 _a7882903
_c7882903
100 _a20110829d1978 |||y0rusy50 ca
101 0 _arus
102 _aRU
105 _ay z |||h|
200 1 _aАнглийский язык
_eУчеб.-метод. пособие по развитию навыков устной речи методом интенсивного обучения
_fМоск. высш. школа милиции МВД СССР. Каф. проблем интенсив. методов обучения
_g[Подгот. доц., к. филол. н. Н.Б. Троицкой]
210 _aМосква
_cБ. и.
_d1978
215 _a135 с.
_d29
311 _aПрил.:
421 0 _11010#$arus
702 1 _aТроицкая
_bН. Б.
_4570
712 0 2 _aМосковская высшая школа милиции
_3RU\NLR\AUTH\8810063543
801 0 _aRU
_bNLR
_gpsbo
801 1 _aRU
_bELAR
_2rusmarc
852 _aNLR
_j78-8/1526
899 _aRuMoRGB
_jB 79-48/29
942 _cBOOK
980 _aNB